000 00276 a2200145 4500
001 160729
020 _a
040 _cMagnum
100 _aJardim Junior, Davi
240 1 0 _aOrelhinha
_lpor
245 1 0 _aOrelhinha
362 0 _a1899
697 _aI/ANIMAIS
942 _cBK
999 _c160729
_d160729